000 00544nam a22001697a 4500
005 20251108175854.0
008 250721s2021 xx 000 0 ara d
082 1 4 _a615.19565/ملص
100 1 _aملص، سحر
245 1 0 _aصناعة الدواء في الاردن في مئة عام :
_bالدواء الاردني نحو العالمية /
264 1 _aعمان :
_bوزارة الثقافة،
_c2021.
300 _a240ص.
650 1 7 _aصناعة الادوية
650 1 7 _aالاردن
942 _2ddc
_cBK
999 _c144426
_d144426